| 000 | 00397nam a2200169Ia 4500 | ||
|---|---|---|---|
| 005 | 20250423101423.0 | ||
| 008 | 250422s9999 xx 000 0 und d | ||
| 020 | _a0-9720654-0-7 | ||
| 050 | _aBP 166.8 .N87/ | ||
| 100 | _aNursi, Said | ||
| 245 | 4 | _aThe resurrection and the hereafter | |
| 260 | _aNew Jersey | ||
| 260 | _bThe Light Inc. | ||
| 260 | _c2006 | ||
| 300 | _a192 p | ||
| 942 | _cBK | ||
| 999 |
_c36250 _d36250 |
||